|
|
|
|
| LEADER |
01362nam a2200397 a 4500 |
| 001 |
000671592 |
| 003 |
CZ BrMZK |
| 005 |
20090916115324.0 |
| 007 |
ta |
| 008 |
030526s2002 xr a e 000 0 cze d |
| 015 |
|
|
|a cnb001250991
|
| 020 |
|
|
|a 80-7044-443-6
|q (brož.)
|
| 035 |
|
|
|a (OCoLC)53501208
|
| 040 |
|
|
|a BOA001
|b cze
|
| 072 |
|
7 |
|a 33
|x Ekonomie
|2 Konspekt
|9 4
|
| 080 |
|
|
|a 658
|2 MRF
|
| 080 |
|
|
|a 005.332.4
|2 MRF
|
| 080 |
|
|
|a 330.101.541
|2 MRF
|
| 080 |
|
|
|a (048.8)
|2 MRF
|
| 100 |
1 |
|
|a Kraft, Jiří,
|d 1956-
|7 xx0001724
|4 aut
|
| 245 |
1 |
0 |
|a Firma v makroekonomickém prostředí /
|c Jiří Kraft
|
| 250 |
|
|
|a Vyd. 1.
|
| 260 |
|
|
|a Ústí nad Labem :
|b Univerzita Jana Evangelisty Purkyně v Ústí nad Labem,
|c 2002
|
| 300 |
|
|
|a 181 s. :
|b il. ;
|c 21 cm
|
| 490 |
1 |
|
|a Acta Universitatis Purkynianae ;
|v č. 84
|
| 500 |
|
|
|a 100 výt.
|
| 504 |
|
|
|a Obsahuje bibliografii a bibliografické odkazy
|
| 650 |
0 |
7 |
|a podniky
|7 ph115764
|2 czenas
|
| 650 |
0 |
7 |
|a konkurenceschopnost
|7 ph121800
|2 czenas
|
| 650 |
0 |
7 |
|a makroekonomie
|7 ph115205
|2 czenas
|
| 655 |
|
7 |
|a studie
|7 fd133597
|2 czenas
|
| 710 |
2 |
|
|a Univerzita J.E. Purkyně v Ústí nad Labem
|7 kn20010709114
|
| 830 |
|
0 |
|a Acta Universitatis Purkynianae
|
| 910 |
|
|
|a BOA001
|b 2-1119.251
|
| 990 |
|
|
|a BK
|
| 996 |
6 |
|
|b 2610191215
|c 2-1119.251
|l MZK
|r Sklad / do 1 hodiny
|n 2
|p p.v.
|w 000671592
|u 000010
|a 1
|e BOA001
|j MZK50
|s P
|